00356nam a2200121Ia 4500008004100000020001500041082001600056100001900072245002700091260007600118300002700194490001300221250529s9999 xx 000 0 und d a9991571647 a891.4894SHI aIbrahim Shihab 0aShihaabuge Mazumoon IV aMale'bDhivehi Bahaai Thaareekhah Khidhumaiykuraa Qaumee Marukazuc1994 a320 p. : ill. ; 22 cm. vMalas 93